[Event "5th UMD Open"]
[Site "Dearborn, Mich."]
[Date "1977.10.08"]
[Round "3"]
[White "Moody, David"]
[Black "Terry, Michael"]
[Result "1-0"]
[WhiteElo "1538"]
[BlackElo "1077"]
[PlyCount "41"]
[EventDate "1977.10.08"]

1. e4 e5 2. Nf3 Nc6 3. Bc4 Nf6 4. Ng5 d5 5. exd5 Nxd5 6. d4 Qxg5 7. Bxg5 Be7 8.
Bxd5 Nxd4 9. Bxe7 Kxe7 10. O-O Rd8 11. Nc3 c6 12. Bc4 Nf3+ 13. Qxf3 Be6 14.
Bxe6 fxe6 15. Rad1 Rxd1 16. Rxd1 Rd8 17. Rxd8 Kxd8 18. Qf7 a6 19. Na4 Kc8 20.
Nc5 b6 21. Qd7+ 1-0

[Event "5th UMD Open"]
[Site "Dearborn, Mich."]
[Date "1977.10.08"]
[Round "2"]
[White "McCue, Mark"]
[Black "Moody, David"]
[Result "1-0"]
[WhiteElo "1771"]
[BlackElo "1583"]
[PlyCount "69"]
[EventDate "1977.10.08"]

1. e4 e5 2. Nf3 Nc6 3. Bb5 a6 4. Ba4 Nf6 5. O-O Be7 6. Re1 b5 7. Bb3 O-O 8. c3
d5 9. exd5 Nxd5 10. Nxe5 Nxe5 11. Rxe5 c6 12. d4 Bd6 13. Re1 Qh4 14. g3 Qh3 15.
Be3 Bg4 16. Qd3 Rae8 17. Nd2 Re6 18. a4 Rfe8 19. Bxd5 cxd5 20. axb5 f5 21. Qf1
f4 22. Qxh3 Bxh3 23. bxa6 fxe3 24. Rxe3 Rxe3 25. fxe3 Ra8 26. e4 dxe4 27. Nxe4
Bc7 28. Kf2 Bc8 29. a7 Bb7 30. Ke3 Re8 31. d5 Bxd5 32. Ra4 Bb6+ 33. Kd3 Bxe4+
34. Rxe4 Rxe4 35. a8=Q+ 1-0

[Event "5th UMD Open"]
[Site "Dearborn, Mich."]
[Date "1977.10.08"]
[Round "1"]
[White "Ciaffone, Robert"]
[Black "Moody, David"]
[Result "1-0"]
[WhiteElo "2029"]
[BlackElo "1583"]
[PlyCount "67"]
[EventDate "1977.10.08"]

1. Nf3 d5 2. c4 dxc4 3. e3 c5 4. Bxc4 e6 5. O-O Nf6 6. Qe2 a6 7. Rd1 b5 8. Bb3
Bb7 9. a4 Nbd7 10. axb5 axb5 11. Rxa8 Qxa8 12. Na3 b4 13. Nc4 Bd5 14. d3 Be7
15. e4 Bc6 16. Nfe5 Nxe5 17. Nxe5 Ba4 18. Qc2 Bxb3 19. Qxb3 O-O 20. Be3 Rc8 21.
h3 Qa5 22. Rc1 Qd8 23. Kf1 Ne8 24. Ke2 Rc7 25. Ra1 Kf8 26. Ra6 h6 27. Qa4 Kg8
28. Nc6 Qd7 29. Nxe7+ Qxe7 30. Ra8 Kf8 31. Bf4 Rd7 32. Qc6 f6 33. Rc8 e5 34.
Be3 1-0

[Event "Fairlane Amateur"]
[Site "Dearborn, Mich."]
[Date "1977.11.05"]
[Round "3"]
[White "Moody, David"]
[Black "Tallosy, Mihaly"]
[Result "1-0"]
[WhiteElo "1583"]
[BlackElo "1661"]
[PlyCount "95"]
[EventDate "1977.11.05"]

1. e4 c5 2. Nf3 d6 3. d4 cxd4 4. Nxd4 Nf6 5. Nc3 Nc6 6. Bc4 e6 7. Bg5 Be7 8. f4
a6 9. Nxc6 bxc6 10. Qf3 Bd7 11. O-O-O O-O 12. h4 d5 13. e5 Ne8 14. Bd3 f6 15.
Rh3 fxe5 16. Qh5 e4 17. Nxe4 g6 18. Qh6 Ng7 19. Bxe7 Qxe7 20. Ng5 Nf5 21. Bxf5
exf5 22. h5 Be8 23. Rdh1 Ra7 24. Rg3 Qg7 25. Qxg7+ Kxg7 26. Ne6+ Kf7 27. Nxf8
Kxf8 28. hxg6 Bxg6 29. Ra3 Ke7 30. Ra5 Kd6 31. b4 Kc7 32. Re1 Kd6 33. a4 Rb7
34. c3 Rb6 35. Re5 d4 36. Kc2 dxc3 37. Kxc3 h6 38. Re1 h5 39. Rd1+ Kc7 40. Kc4
Bf7+ 41. Kc5 Bd5 42. g3 Kb7 43. b5 axb5 44. Rxd5 cxd5 45. Rxb5 Rxb5+ 46. axb5
Kc7 47. Kxd5 Kb6 48. Ke5 1-0

[Event "Fairlane Amateur"]
[Site "Dearborn, Mich."]
[Date "1977.11.05"]
[Round "2"]
[White "Andrews, Steve"]
[Black "Moody, David"]
[Result "1-0"]
[WhiteElo "1742"]
[BlackElo "1583"]
[PlyCount "63"]
[EventDate "1977.11.05"]

1. e4 e5 2. Nf3 Nc6 3. Bc4 Nf6 4. d4 exd4 5. e5 d5 6. Bb5 Ne4 7. Nxd4 Bd7 8.
Bxc6 bxc6 9. O-O Bc5 10. f3 Ng5 11. Kh1 Ne6 12. Nf5 O-O 13. f4 f6 14. Qg4 Qc8
15. Be3 Qa6 16. Nd2 Bxe3 17. Nxe3 Qa4 18. f5 Qxg4 19. Nxg4 Nd4 20. e6 Bc8 21.
Ne3 Rb8 22. Nb3 Nb5 23. Rad1 Nd6 24. Na5 Rb6 25. c4 Ra6 26. b4 c5 27. Nxd5 cxb4
28. c5 Ne8 29. Nc6 Bb7 30. Nde7+ Kh8 31. Nd8 Rg8 32. Nf7# 1-0

[Event "Fairlane Amateur"]
[Site "Dearborn, Mich."]
[Date "1977.11.06"]
[Round "5"]
[White "Moody, David"]
[Black "Everett, Morgan"]
[Result "0-1"]
[WhiteElo "1583"]
[BlackElo "1988"]
[PlyCount "76"]
[EventDate "1977.11.05"]

1. e4 e5 2. Nf3 Nc6 3. Bc4 Nf6 4. Ng5 d5 5. exd5 Na5 6. Bb5+ c6 7. dxc6 bxc6 8.
Be2 h6 9. Nf3 e4 10. Ne5 Qd4 11. f4 Bc5 12. Rf1 Qd8 13. c3 Nd5 14. Qa4 O-O 15.
Nxc6 Qh4+ 16. g3 Qxh2 17. Qxa5 Qxg3+ 18. Kd1 Bg4 19. Qxc5 Bxe2+ 20. Kxe2 Nxf4+
21. Rxf4 Qxf4 22. Kd1 Qf1+ 23. Kc2 Qd3+ 24. Kd1 Qf1+ 25. Kc2 Qd3+ 26. Kd1 Rae8
27. Qe3 f5 28. Nb4 Qf1+ 29. Qe1 Qg2 30. Qe2 Qh1+ 31. Qe1 Qh3 32. Qf2 f4 33. c4
e3 34. dxe3 fxe3 35. Qxf8+ Rxf8 36. Nd3 Qf1+ 37. Kc2 Rd8 38. c5 Qxd3# 0-1

[Event "Fairlane Amateur"]
[Site "Dearborn, Mich."]
[Date "1977.11.06"]
[Round "4"]
[White "Good, Glenn"]
[Black "Moody, David"]
[Result "0-1"]
[WhiteElo "1659"]
[BlackElo "1538"]
[PlyCount "68"]
[EventDate "1977.11.05"]

1. c4 Nf6 2. Nc3 e6 3. e4 d5 4. e5 d4 5. exf6 dxc3 6. bxc3 Qxf6 7. d4 c5 8. Nf3
Qd8 9. Bd3 Nc6 10. Be4 Qc7 11. O-O Be7 12. Re1 O-O 13. Qd3 f5 14. Bxc6 Qxc6 15.
d5 Rd8 16. Qe2 Qd6 17. dxe6 Bf6 18. Bg5 Re8 19. Bxf6 gxf6 20. e7 Kf7 21. Ng5+
fxg5 22. Rad1 Qf6 23. Qh5+ Qg6 24. Qf3 Rxe7 25. Rxe7+ Kxe7 26. Qd5 Qc6 27. Qd8+
Kf7 28. Re1 Qd7 29. Qxg5 Qd6 30. Qh4 h6 31. Qh5+ Kg7 32. Qe8 Kf6 33. h4 Rb8 34.
Re7 Qxe7 0-1

[Event "UMD Saturday Tornado"]
[Site "Dearborn, Mich."]
[Date "1978.01.07"]
[Round "1"]
[White "Tanner, Mike"]
[Black "Moody, David"]
[Result "0-1"]
[WhiteElo "1347"]
[BlackElo "1740"]
[PlyCount "48"]
[EventDate "1978.01.07"]

1. e4 e5 2. Nf3 Nc6 3. Nc3 Nf6 4. d3 Bb4 5. Bd2 d6 6. Be2 Bg4 7. O-O Qd7 8. a3
Ba5 9. b4 Bb6 10. Na4 O-O 11. c3 Ne7 12. h3 Bh5 13. Ne1 Bxe2 14. Qxe2 Qxa4 15.
Bg5 Qd7 16. Nc2 Ng6 17. d4 Rae8 18. d5 Nf4 19. Qf3 Qb5 20. Bxf6 gxf6 21. g3 Qe2
22. Qh1 Kh8 23. Qh2 Qf3 24. Rae1 Rg8 0-1

[Event "UMD Saturday Tornado"]
[Site "Dearborn, Mich."]
[Date "1978.01.07"]
[Round "3"]
[White "Moody, David"]
[Black "Yehnert, Carl"]
[Result "1-0"]
[WhiteElo "1740"]
[BlackElo "1648"]
[PlyCount "51"]
[EventDate "1978.01.07"]

1. e4 e5 2. Nf3 Nc6 3. Bb5 a6 4. Ba4 Nf6 5. O-O Be7 6. Bxc6 dxc6 7. Nc3 Nd7 8.
d4 exd4 9. Nxd4 O-O 10. Nf5 Bf6 11. f4 Nc5 12. Be3 Ne6 13. Qg4 Kh8 14. Rad1 Qe8
15. Rf3 Rg8 16. Rh3 Nf8 17. Bc5 g6 18. Bxf8 Rxf8 19. Rdd3 Qe7 20. Rxh7+ Kxh7
21. Rh3+ Kg8 22. Nxe7+ Bxe7 23. f5 Bf6 24. Qf4 g5 25. Qg4 Rd8 26. e5 1-0

[Event "UMD Saturday Tornado"]
[Site "Dearborn, Mich."]
[Date "1978.01.07"]
[Round "4"]
[White "Geshel, Joseph"]
[Black "Moody, David"]
[Result "1-0"]
[WhiteElo "1499"]
[BlackElo "1740"]
[PlyCount "47"]
[EventDate "1978.01.07"]

1. e4 e5 2. Nf3 Nc6 3. d4 exd4 4. Nxd4 Nf6 5. Nxc6 bxc6 6. Bd3 Bc5 7. O-O d6 8.
h3 Qe7 9. Qf3 Qe5 10. Nd2 h5 11. Nc4 Qe7 12. Bg5 Be6 13. e5 Qd7 14. exf6 gxf6
15. Qxf6 Rg8 16. Bh7 Bd4 17. Qxd4 Rxg5 18. Qh8+ Ke7 19. Qxa8 Bxh3 20. Rae1+ Kf6
21. Qh8+ Rg7 22. Ne3 h4 23. Be4 Bxg2 24. Qxh4+ 1-0

[Event "UMD Saturday Tornado"]
[Site "Dearborn, Mich."]
[Date "1978.01.08"]
[Round "2"]
[White "Moody, David"]
[Black "Braak, Dairen"]
[Result "0-1"]
[WhiteElo "1740"]
[BlackElo "1608"]
[PlyCount "56"]
[EventDate "1978.01.07"]

1. Nc3 c5 2. e4 d6 3. Bb5+ Bd7 4. Bxd7+ Qxd7 5. d3 Nf6 6. Bg5 g6 7. Bxf6 exf6
8. Qf3 Bg7 9. O-O-O Nc6 10. Nd5 Nd4 11. Nxf6+ Bxf6 12. Qxf6 Qa4 13. Qxh8+ Ke7
14. Qxd4 Qxd4 15. Nh3 Rc8 16. Rhe1 Qa4 17. Kd2 Qb4+ 18. Kc1 Rc6 19. Re2 b5 20.
Rde1 Qa5 21. a3 b4 22. axb4 cxb4 23. e5 Qa1+ 24. Kd2 Qxb2 25. exd6+ Kxd6 26.
Kd1 Qb1+ 27. Kd2 Rxc2+ 28. Ke3 Rxe2+ 0-1

[Event "Michigan Amateur"]
[Site "East Lansing, Mich."]
[Date "1978.05.06"]
[Round "2"]
[White "Vasas, Jon"]
[Black "Moody, David"]
[Result "1-0"]
[WhiteElo "1459"]
[BlackElo "1712"]
[PlyCount "87"]
[EventDate "1978.05.06"]

1. c4 Nf6 2. Nc3 e6 3. d4 d5 4. cxd5 exd5 5. Bg5 Nbd7 6. Nf3 Be7 7. e3 O-O 8.
Bd3 c6 9. Rc1 Ne4 10. Bxe7 Nxc3 11. Bxd8 Nxd1 12. Kxd1 Rxd8 13. Nd2 Nf6 14. b4
Bd7 15. Nb3 b6 16. f3 a5 17. bxa5 bxa5 18. Kd2 Rdb8 19. Rb1 Rb6 20. Nc5 Rab8
21. Rxb6 Rxb6 22. Rb1 Rxb1 23. Bxb1 Bc8 24. Nb3 Ba6 25. Bd3 Bxd3 26. Kxd3 Nd7
27. Nxa5 c5 28. dxc5 Nxc5+ 29. Kd4 Na4 30. Nc6 Kf8 31. Nb4 Ke7 32. Nxd5+ Kd6
33. e4 Nc5 34. Kc4 Kc6 35. Ne7+ Kb6 36. Nf5 Ne6 37. Nd6 f6 38. g3 Kc6 39. Nb5
Nf8 40. Nd4+ Kb7 41. Kd5 Nd7 42. f4 Ka8 43. e5 fxe5 44. fxe5 1-0

[Event "Michigan Amateur"]
[Site "East Lansing, Mich."]
[Date "1978.05.06"]
[Round "3"]
[White "Moody, David"]
[Black "Smith, Brian"]
[Result "1-0"]
[WhiteElo "1712"]
[BlackElo "1395"]
[PlyCount "59"]
[EventDate "1978.05.06"]

1. e4 d6 2. d4 Nf6 3. Nc3 g6 4. Bg5 Bg7 5. Qd2 h6 6. Bh4 Nbd7 7. O-O-O c5 8. d5
a6 9. f4 b5 10. Re1 b4 11. Nd1 O-O 12. e5 dxe5 13. fxe5 Ng4 14. d6 g5 15. Bxg5
hxg5 16. Qxg5 exd6 17. Qxg4 Nxe5 18. Qg3 Be6 19. Nf3 Qa5 20. Nxe5 dxe5 21. Rxe5
Qxa2 22. Rg5 Qa1+ 23. Kd2 Rfd8+ 24. Bd3 Rxd3+ 25. cxd3 Ra7 26. Rxg7+ Kf8 27.
Rg8+ Ke7 28. Qb8 Rd7 29. Re8+ Kf6 30. Rf1+ 1-0

[Event "Michigan Amateur"]
[Site "East Lansing, Mich."]
[Date "1978.05.06"]
[Round "1"]
[White "Moody, David"]
[Black "Munger, Larry"]
[Result "1-0"]
[WhiteElo "1712"]
[BlackElo "1212"]
[PlyCount "99"]
[EventDate "1978.05.06"]

1. e4 e6 2. d4 d5 3. Nc3 Bb4 4. e5 c5 5. a3 Bxc3+ 6. bxc3 Ne7 7. Qg4 Qc7 8.
Qxg7 Rg8 9. Qxh7 cxd4 10. Kd1 Qxc3 11. Rb1 d3 12. Bxd3 Qxe5 13. Nf3 Qg7 14.
Qxg7 Rxg7 15. h4 f5 16. h5 Ng8 17. h6 Rh7 18. Rb4 Nc6 19. Rbh4 d4 20. g4 Bd7
21. g5 Nge7 22. R4h3 O-O-O 23. g6 Nxg6 24. Rg1 Nce5 25. Nxd4 Nxd3 26. cxd3 Ba4+
27. Ke2 Rxd4 28. Rxg6 Rg4 29. Rxg4 fxg4 30. Rg3 Be8 31. Bg5 Bg6 32. Ke3 Rd7 33.
d4 e5 34. dxe5 Rd3+ 35. Ke2 Rxg3 36. fxg3 Bf5 37. e6 Kc7 38. Ke3 Kd6 39. e7 Kd7
40. Kf4 Bg6 41. Ke5 Ke8 42. Kf6 Bc2 43. Kg7 b5 44. h7 Bxh7 45. Kxh7 a5 46. Kg6
b4 47. axb4 axb4 48. Kf6 b3 49. Bc1 Kd7 50. Kf7 1-0

[Event "Michigan Amateur"]
[Site "East Lansing, Mich."]
[Date "1978.05.07"]
[Round "5"]
[White "Ozden, Sezgin"]
[Black "Moody, David"]
[Result "1-0"]
[WhiteElo "1496"]
[BlackElo "1712"]
[PlyCount "111"]
[EventDate "1978.05.06"]

1. d4 d5 2. Nc3 Nf6 3. Nf3 e6 4. Bg5 c5 5. e3 Nbd7 6. Be2 Be7 7. O-O b6 8. h3
Bb7 9. Nb5 O-O 10. Bf4 c4 11. b3 a6 12. Nd6 Bc6 13. bxc4 Nb8 14. cxd5 Nxd5 15.
Nc4 Nc3 16. Qd3 Nxe2+ 17. Qxe2 Bb5 18. a4 Bc6 19. Nce5 Bb7 20. c4 f6 21. Ng4
Nd7 22. Rfd1 h5 23. Ngh2 g5 24. Bg3 h4 25. Bxh4 gxh4 26. Nxh4 f5 27. Ng6 Rf7
28. d5 Rg7 29. dxe6 Rxg6 30. Rxd7 Rxg2+ 31. Kf1 Qxd7 32. exd7 Rxh2 33. Qh5 Rh1+
34. Ke2 Rxa1 35. Qe8+ Rxe8 36. dxe8=Q+ Bf8 37. Qe6+ Kh8 38. Qxf5 Ra2+ 39. Kd3
Ra3+ 40. Kc2 Bg7 41. e4 Rc3+ 42. Kd2 Rxc4 43. e5 Bh6+ 44. Ke2 Rxa4 45. Qf6+ Bg7
46. Qxb6 Be4 47. Qd8+ Kh7 48. e6 Bg6 49. e7 Ra2+ 50. Kf3 Ra3+ 51. Kg4 Ra4+ 52.
f4 Be5 53. e8=Q Rxf4+ 54. Kg3 Rf8+ 55. Qxe5 Rxd8 56. Qe7+ 1-0

[Event "Michigan Amateur"]
[Site "East Lansing, Mich."]
[Date "1978.05.07"]
[Round "4"]
[White "Bridgeland, David"]
[Black "Moody, David"]
[Result "1/2-1/2"]
[WhiteElo "1495"]
[BlackElo "1712"]
[PlyCount "43"]
[EventDate "1978.05.06"]

1. Nf3 Nf6 2. g3 g6 3. Bg2 Bg7 4. O-O O-O 5. d3 d6 6. e4 c5 7. Nc3 Nc6 8. h3
Bd7 9. Nh4 e6 10. f4 Nh5 11. Kh2 Bf6 12. Nf3 a6 13. g4 Ng7 14. g5 Be7 15. Ne2
Qc7 16. Ng3 Rac8 17. c3 Rfd8 18. h4 e5 19. h5 Bg4 20. hxg6 fxg6 21. Qb3+ Be6
22. c4 1/2-1/2

[Event "East Detroit Mini-Swiss (May)"]
[Site "East Detroit, Mich."]
[Date "1978.05.27"]
[Round "3"]
[White "Ryan, Joseph"]
[Black "Moody, David"]
[Result "0-1"]
[WhiteElo "1709"]
[BlackElo "1712"]
[PlyCount "114"]
[EventDate "1978.05.27"]

1. g3 g6 2. Bg2 Bg7 3. c3 c6 4. Nf3 Nf6 5. d3 d5 6. Bg5 Nbd7 7. O-O O-O 8. Nbd2
h6 9. Bf4 Nh5 10. Be3 e5 11. Nb3 f5 12. Bc1 f4 13. d4 e4 14. Nh4 Qf6 15. Bh3
Nb6 16. Bxc8 Raxc8 17. Nc5 f3 18. exf3 exf3 19. Nxb7 g5 20. Nxf3 Qxf3 21. Qe1
Rce8 22. Qd2 Re2 23. Qd1 Rxf2 24. Qxf3 R2xf3 25. Re1 Nf6 26. Na5 Ne4 27. Nxc6
a6 28. a4 Nc4 29. Ne7+ Kh7 30. Nxd5 Nf2 31. a5 Nd3 32. Rd1 Nxc1 33. Rdxc1 Nxb2
34. Nc7 Nc4 35. Nxa6 Ra8 36. Nc7 Rxa5 37. Rxa5 Nxa5 38. Ra1 Rxc3 39. d5 Rxg3+
40. hxg3 Bxa1 41. d6 Nc6 42. Ne6 Bf6 43. Kg2 Kg8 44. Kh3 Kf7 45. Nc5 h5 46. Ne4
Ke6 47. g4 h4 48. Kg2 Bd8 49. Kf3 Ne5+ 50. Kg2 Nxg4 51. Nxg5+ Bxg5 52. Kh3 Ne5
53. Kg2 Kxd6 54. Kh3 Ke6 55. Kg2 Kf5 56. Kh3 Kf4 57. Kg2 Kg4 0-1

[Event "East Detroit Mini-Swiss (May)"]
[Site "East Detroit, Mich."]
[Date "1978.05.27"]
[Round "2"]
[White "Moody, David"]
[Black "Drkulec, Vladimir"]
[Result "0-1"]
[WhiteElo "1712"]
[BlackElo "1683"]
[PlyCount "48"]
[EventDate "1978.05.27"]

1. e4 e5 2. Nf3 Nc6 3. Bb5 a6 4. Ba4 Nf6 5. O-O b5 6. Bb3 d6 7. Ng5 d5 8. exd5
Nd4 9. d6 Nxb3 10. dxc7 Qxc7 11. axb3 h6 12. Nf3 e4 13. Qe2 Be7 14. Nd4 Bb7 15.
Nf5 Bc5 16. d4 Bb6 17. c3 Qd7 18. Ng3 O-O-O 19. Be3 h5 20. Qc2 Bc7 21. h3 Qd6
22. Rc1 Nd5 23. Nd2 Nxe3 24. fxe3 Qxg3 0-1

[Event "East Detroit Mini-Swiss (May)"]
[Site "East Detroit, Mich."]
[Date "1978.05.27"]
[Round "1"]
[White "D'Arcy, Michael"]
[Black "Moody, David"]
[Result "1/2-1/2"]
[WhiteElo "1660"]
[BlackElo "1712"]
[PlyCount "56"]
[EventDate "1978.05.27"]

1. e4 e5 2. Nf3 Nc6 3. Bb5 a6 4. Ba4 Nf6 5. O-O Be7 6. Re1 b5 7. Bb3 O-O 8. c3
d5 9. exd5 Nxd5 10. Nxe5 Nxe5 11. Rxe5 c6 12. d4 Bd6 13. Re1 Qh4 14. g3 Qh3 15.
Bxd5 cxd5 16. Qf3 Bg4 17. Qxd5 Rae8 18. Be3 Re6 19. Nd2 Rfe8 20. Nf3 Bf4 21.
Ne5 Bxe5 22. dxe5 Rxe5 23. Qg2 Qh5 24. Bd2 Bf3 25. Rxe5 Rxe5 26. Qf1 Be2 27.
Qg2 Bf3 28. Qf1 Be2 1/2-1/2

[Event "East Detroit Mini-Swiss (June)"]
[Site "East Detroit, Mich."]
[Date "1978.06.10"]
[Round "2"]
[White "Sloan, Thomas"]
[Black "Moody, David"]
[Result "1/2-1/2"]
[WhiteElo "2007"]
[BlackElo "1712"]
[PlyCount "104"]
[EventDate "1978.06.10"]

1. g3 g6 2. Bg2 Bg7 3. c4 d6 4. Nc3 Nf6 5. d4 O-O 6. e4 Nbd7 7. Nge2 c5 8. d5
Ne5 9. b3 Bg4 10. h3 Bf3 11. O-O Bxg2 12. Kxg2 Ned7 13. Be3 a6 14. Qc2 Qc7 15.
f4 Nb6 16. Ng1 Nfd7 17. Nf3 Rae8 18. Rae1 e6 19. Re2 exd5 20. exd5 Re7 21. Rfe1
Rfe8 22. Bd2 Rxe2+ 23. Rxe2 Rxe2+ 24. Nxe2 Nf6 25. Ba5 Nbxd5 26. Bxc7 Ne3+ 27.
Kh2 Nxc2 28. Bxd6 Ne4 29. Be5 Nb4 30. Nc1 Bxe5 31. Nxe5 f6 32. Nd7 Kf7 33. Kg2
Ke7 34. Nb6 Kd6 35. Kf3 f5 36. Nc8+ Kd7 37. Nb6+ Kc6 38. Na4 b5 39. Nb2 Nc3 40.
a4 bxa4 41. bxa4 Kb6 42. Nb3 Nc6 43. Ke3 Na5 44. Nd2 Na2 45. g4 Nc6 46. gxf5
gxf5 47. Nb3 Na5 48. Nxa5 Kxa5 49. Nd3 Kb6 50. a5+ Kc6 51. Ne5+ Kd6 52. Nf7+
Ke7 1/2-1/2

[Event "East Detroit Mini-Swiss (June)"]
[Site "East Detroit, Mich."]
[Date "1978.06.10"]
[Round "3"]
[White "Moody, David"]
[Black "Drkulec, Vladimir"]
[Result "1/2-1/2"]
[WhiteElo "1712"]
[BlackElo "1683"]
[PlyCount "58"]
[EventDate "1978.06.10"]

1. e4 e5 2. Nf3 Nc6 3. Bb5 a6 4. Ba4 Nf6 5. O-O b5 6. Bb3 Be7 7. Re1 O-O 8. a4
Rb8 9. c3 d5 10. exd5 Nxd5 11. axb5 axb5 12. Nxe5 Nxe5 13. Rxe5 c6 14. d4 Bd6
15. Re1 Qh4 16. g3 Qh3 17. Be3 Bg4 18. Qd3 Nxe3 19. Rxe3 c5 20. Qf1 Qh5 21. Ra6
cxd4 22. cxd4 Bb4 23. Re5 Qh3 24. Qxh3 Bxh3 25. f4 Rbc8 26. Nc3 Bxc3 27. bxc3
Rxc3 28. Rxb5 Rc1+ 29. Kf2 Bf1 1/2-1/2

[Event "East Detroit Mini-Swiss (June)"]
[Site "East Detroit, Mich."]
[Date "1978.06.10"]
[Round "1"]
[White "Franke, Rudolf"]
[Black "Moody, David"]
[Result "0-1"]
[WhiteElo "1676"]
[BlackElo "1712"]
[PlyCount "82"]
[EventDate "1978.06.10"]

1. d4 Nf6 2. c4 e6 3. Nc3 c5 4. d5 exd5 5. cxd5 d6 6. e4 g6 7. Nf3 Bg7 8. Be2
O-O 9. O-O Nbd7 10. Nd2 a6 11. a4 Re8 12. Qc2 Qe7 13. f3 Nh5 14. Nc4 Ne5 15.
Bd2 Nxc4 16. Bxc4 Bd4+ 17. Kh1 Qh4 18. Be1 Qg5 19. Ne2 Be3 20. Rd1 Bd7 21. b3
b5 22. axb5 axb5 23. Bd3 Ra3 24. Qb2 Rea8 25. Bd2 Bxd2 26. Rxd2 Rxb3 27. Qxb3
Qxd2 28. Bxb5 Bxb5 29. Qxb5 Ra2 30. Qb8+ Kg7 31. Qxd6 Qxe2 32. Qe5+ Kh6 33. Rg1
Rd2 34. h4 Qf2 35. Qg5+ Kg7 36. Qe5+ Nf6 37. Qf4 Qd4 38. Qc7 c4 39. Rc1 Qf2 40.
Qh2 c3 41. d6 c2 0-1

[Event "Michigan Class A Championship"]
[Site "Dearborn, Mich."]
[Date "1978.06.17"]
[Round "1"]
[White "Moody, David"]
[Black "Golab, Craig"]
[Result "0-1"]
[WhiteElo "1712"]
[BlackElo "1929"]
[PlyCount "50"]
[EventDate "1978.06.17"]

1. e4 c5 2. Nf3 e6 3. d4 cxd4 4. Nxd4 a6 5. Be3 Nf6 6. Bd3 Qc7 7. O-O Nc6 8. f4
d6 9. Nc3 Be7 10. Qf3 O-O 11. Rad1 Bd7 12. h3 b5 13. g4 b4 14. Nce2 e5 15. Nf5
Bxf5 16. exf5 d5 17. fxe5 Nxe5 18. Qg3 Bd6 19. Bf4 Rfe8 20. c3 Rab8 21. Rc1
bxc3 22. Rxc3 Qb6+ 23. Kh1 Qxb2 24. Rb1 Qxa2 25. Rxb8 Bxb8 0-1

[Event "Michigan Class A Championship"]
[Site "Dearborn, Mich."]
[Date "1978.06.17"]
[Round "2"]
[White "Fox, John"]
[Black "Moody, David"]
[Result "1-0"]
[WhiteElo "1876"]
[BlackElo "1712"]
[PlyCount "33"]
[EventDate "1978.06.17"]

1. e4 e5 2. f4 d5 3. exd5 e4 4. Bb5+ Bd7 5. Bc4 Nf6 6. d4 c6 7. dxc6 Nxc6 8. c3
Bd6 9. Ne2 Qc7 10. a4 Bg4 11. Na3 a6 12. Rf1 O-O 13. h3 Bd7 14. Bb3 Rfe8 15.
Nc4 Na5 16. Nxd6 Nxb3 17. Nxe8 1-0

[Event "Michigan Class A Championship"]
[Site "Dearborn, Mich."]
[Date "1978.06.18"]
[Round "3"]
[White "Mottonen, Jim"]
[Black "Moody, David"]
[Result "1-0"]
[WhiteElo "1944"]
[BlackElo "1712"]
[PlyCount "71"]
[EventDate "1978.06.17"]

1. e4 e5 2. Nf3 Nc6 3. Nc3 Nf6 4. d4 Bb4 5. Nxe5 Nxe5 6. dxe5 Nxe4 7. Qd4 Bxc3+
8. bxc3 d5 9. exd6 O-O 10. Bd3 Nxd6 11. O-O Be6 12. Bf4 Qd7 13. Rad1 Rad8 14.
Rfe1 Nf5 15. Qe4 Qd5 16. Qe2 Rfe8 17. Bb5 Qc5 18. Bxe8 Rxe8 19. Qe5 Qxe5 20.
Rxe5 Kf8 21. a3 Ne7 22. Rb5 Nd5 23. Be5 Nb6 24. Bxc7 Rc8 25. Bxb6 axb6 26. Rxb6
Rxc3 27. Rxb7 g6 28. Ra1 Rxc2 29. a4 Bd5 30. Rb6 Rc7 31. a5 Ra7 32. f3 Ke8 33.
Kf2 Kd7 34. Ke3 Kc7 35. Kd4 Bb7 36. Rc1+ 1-0

[Event "Michigan Class A Championship"]
[Site "Dearborn, Mich."]
[Date "1978.06.18"]
[Round "4"]
[White "Moody, David"]
[Black "Patterson, Dan"]
[Result "0-1"]
[WhiteElo "1712"]
[BlackElo "1865"]
[PlyCount "40"]
[EventDate "1978.06.17"]

1. Nc3 Nf6 2. d4 d5 3. Bg5 Nbd7 4. Nf3 g6 5. e3 Bg7 6. Bd3 O-O 7. Qd2 b6 8. e4
dxe4 9. Nxe4 Bb7 10. Nxf6+ Nxf6 11. O-O-O Bxf3 12. gxf3 Qxd4 13. c3 Qd7 14. h4
Nh5 15. Qe3 Qa4 16. f4 Qxa2 17. f5 a5 18. fxg6 hxg6 19. Be2 a4 20. Bxh5 a3 0-1

[Event "Toledo July Tornado"]
[Site "Toledo, Ohio"]
[Date "1978.07.01"]
[Round "1"]
[White "Moody, David"]
[Black "Johnson, Quayle"]
[Result "1-0"]
[WhiteElo "1712"]
[BlackElo "1208"]
[PlyCount "119"]
[EventDate "1978.07.01"]

1. Nc3 Nf6 2. d4 d5 3. Bg5 Nbd7 4. Nf3 h6 5. Bh4 g5 6. Bg3 a6 7. e3 e6 8. Ne5
Nxe5 9. Bxe5 Rg8 10. Qf3 Bg7 11. Bd3 Bd7 12. O-O-O Bc6 13. h4 Nd7 14. Bxg7 Rxg7
15. Qh5 Qf6 16. g3 O-O-O 17. hxg5 hxg5 18. Qe2 Nb8 19. Rdf1 Rdg8 20. Rh5 Re8
21. Rfh1 Rgg8 22. Rh7 Rh8 23. R1h6 Qd8 24. Qh5 Rxh7 25. Rxh7 Rf8 26. Rxf7 Be8
27. Rxf8 Bxh5 28. Rxd8+ Kxd8 29. e4 c6 30. Na4 Nd7 31. e5 Ke7 32. b3 b5 33. Nc3
a5 34. f4 gxf4 35. gxf4 Bg4 36. Nd1 Bf5 37. Bxf5 exf5 38. Ne3 Ke6 39. Kd2 Nf8
40. Kd3 Ng6 41. Ng2 Ke7 42. c4 bxc4+ 43. bxc4 Ke6 44. c5 Kd7 45. Kc3 Kc7 46.
Kb3 Kb7 47. Ka4 Ka6 48. e6 Ne7 49. Nh4 Kb7 50. Kxa5 Ka7 51. Nf3 Ng6 52. Ne5 Ne7
53. Nf7 Ng6 54. Nd6 Kb8 55. Kb6 Ne7 56. a4 Nc8+ 57. Nxc8 Kxc8 58. a5 Kb8 59. e7
Ka8 60. e8=R# 1-0

[Event "Toledo July Tornado"]
[Site "Toledo, Ohio"]
[Date "1978.07.01"]
[Round "3"]
[White "Moody, David"]
[Black "Boring, Larry"]
[Result "1/2-1/2"]
[WhiteElo "1712"]
[BlackElo "1794"]
[PlyCount "119"]
[EventDate "1978.07.01"]

1. e4 e6 2. d4 d5 3. Nc3 Bb4 4. e5 c5 5. a3 Bxc3+ 6. bxc3 Ne7 7. Qg4 Qc7 8.
Qxg7 Rg8 9. Qxh7 cxd4 10. Kd1 Nbc6 11. Bf4 Bd7 12. Nf3 O-O-O 13. Qd3 dxc3 14.
Qxc3 d4 15. Qb2 Nd5 16. Bg3 Nc3+ 17. Kc1 Be8 18. Bd3 Rd5 19. Nd2 Na5 20. Ne4
Nxe4 21. Bxe4 Rb5 22. Qa2 Nb3+ 23. Kd1 Nxa1 24. Qxa1 Bc6 25. Bd3 Rb6 26. f3 Bb5
27. Kd2 Bxd3 28. cxd3 Rc6 29. Qxd4 Rc2+ 30. Ke3 Rd8 31. Qb4 Rxg2 32. Rb1 b6 33.
a4 Rc2 34. Qb5 Qc5+ 35. Qxc5+ Rxc5 36. h4 Rc3 37. Rd1 Ra3 38. h5 Rxa4 39. h6
Rh8 40. Rh1 Rh7 41. Bf4 Kd7 42. Bg5 b5 43. Bf6 b4 44. Bg7 b3 45. Rb1 Rb4 46.
Kd2 b2 47. Kc3 a5 48. Rxb2 Rxb2 49. Kxb2 Kc6 50. Kb3 Kc5 51. Ka4 Kd4 52. Kxa5
Kxd3 53. Kb6 Ke3 54. Kc7 Kxf3 55. Kd7 Kf4 56. Ke7 Kf5 57. Kxf7 Rxh6 58. Bxh6
Kxe5 59. Bf4+ Kxf4 60. Kxe6 1/2-1/2

[Event "Toledo July Tornado"]
[Site "Toledo, Ohio"]
[Date "1978.07.01"]
[Round "4"]
[White "Gaiffe, Gary"]
[Black "Moody, David"]
[Result "0-1"]
[WhiteElo "1722"]
[BlackElo "1712"]
[PlyCount "60"]
[EventDate "1978.07.01"]

1. c4 Nf6 2. Nc3 e6 3. g3 c6 4. a3 d5 5. cxd5 cxd5 6. Bg2 Nc6 7. Nf3 Bc5 8. b4
Bb6 9. Bb2 Bd7 10. O-O O-O 11. Rc1 a6 12. e3 Qe7 13. Qb3 a5 14. b5 Na7 15. d4
Rfc8 16. Na4 Bd8 17. b6 Bxa4 18. Qxa4 Bxb6 19. Ne5 Qe8 20. Qb3 Qb5 21. Qa2 Rxc1
22. Rxc1 Rc8 23. Rb1 Qe2 24. Bf1 Qh5 25. Ba1 Qf5 26. Bd3 Qh3 27. Qd2 Nc6 28.
Rxb6 Nxe5 29. dxe5 Ng4 30. f3 Rc1+ 0-1

[Event "Toledo July Tornado"]
[Site "Toledo, Ohio"]
[Date "1978.07.01"]
[Round "2"]
[White "Anderson, Sigfrid"]
[Black "Moody, David"]
[Result "0-1"]
[WhiteElo "1518"]
[BlackElo "1712"]
[PlyCount "32"]
[EventDate "1978.07.01"]

1. d4 Nf6 2. c4 c5 3. d5 e6 4. dxe6 fxe6 5. Nc3 d5 6. cxd5 exd5 7. e3 a6 8. Bd3
Nc6 9. Nf3 Bg4 10. O-O Bd6 11. e4 d4 12. Ne2 O-O 13. Qb3+ Kh8 14. Qxb7 Bxf3 15.
Qxc6 Ng4 16. g3 Qh4 0-1